000
00271nam a22001217a 4500
008
160521b xxu||||| |||| 00| 0 eng d
020
_a
9780697340795
020
_a
0697340791
041
_a
eng
080
_a
579
245
_a
Biology:
_c
Sulvio S. Moder;
942
_2
udc
_c
BK
999
_c
2335
_d
2335